[Event "Stay Safe Play From Home 343"]
[Site "Emanuel Lasker Arena"]
[Date "2020.07.30"]
[Round "8"]
[White "Mamba2001de"]
[Black "Buzaglo"]
[Result "0-1"]
[WhiteElo "1495"]
[BlackElo "1857"]
[Annotator "NA"]
[PlyCount "90"]
[EventDate "2020.07.30"]
[EventType "swiss (blitz)"]

1. e4 {[%emt 0:00:01]} e6 {[%emt 0:00:00]} 2. Nf3 {[%emt 0:00:01]} d5 {[%emt 0:00:00]} 3. exd5 {[%emt 0:00:01]} exd5 {[%emt 0:00:00]} 4. d4 {[%emt 0:00:01]} Nf6 {[%emt 0:00:01]} 5. Bg5 {[%emt 0:00:01]} Be7 {[%emt 0:00:00]} 6. Be2 {[%emt 0:00:01]} O-O {[%emt 0:00:01]} 7. O-O {[%emt 0:00:01]} Bg4 {[%emt 0:00:01]} 8. h3 {[%emt 0:00:01]} Bh5 {[%emt 0:00:02]} 9. Be3 {[%emt 0:00:00]} Bg6 {[%emt 0:00:01]} 10. Ne5 {[%emt 0:00:01]} Nbd7 {[%emt 0:00:01]} 11. Nxg6 {[%emt 0:00:01]} hxg6 {[%emt 0:00:00]} 12. c4 {[%emt 0:00:01]} c6 {[%emt 0:00:01]} 13. Nc3 {[%emt 0:00:02]} Ne4 {[%emt 0:00:01]} 14. cxd5 {[%emt 0:00:01]} Nxc3 {[%emt 0:00:01]} 15. bxc3 {[%emt 0:00:01]} cxd5 {[%emt 0:00:01]} 16. Qb3 {[%emt 0:00:01]} Nf6 {[%emt 0:00:00]} 17. f4 {[%emt 0:00:02]} Rc8 {[%emt 0:00:01]} 18. Bd2 {[%emt 0:00:02]} b6 {[%emt 0:00:01]} 19. Bd3 {[%emt 0:00:01]} Ne4 {[%emt 0:00:01]} 20. Bxe4 {[%emt 0:00:02]} dxe4 {[%emt 0:00:00]} 21. Rfe1 {[%emt 0:00:01]} Bf6 {[%emt 0:00:06]} 22. Rxe4 {[%emt 0:00:02]} b5 {[%emt 0:00:01]} 23. Rae1 {[%emt 0:00:02]} Qc7 {[%emt 0:00:02]} 24. Kh1 {[%emt 0:00:02]} a6 {[%emt 0:00:01]} 25. Be3 {[%emt 0:00:03]} Qc6 {[%emt 0:00:01]} 26. Bd2 {[%emt 0:00:01]} Qd6 {[%emt 0:00:02]} 27. Re5 {[%emt 0:00:03]} Bxe5 {[%emt 0:00:01]} 28. fxe5 {[%emt 0:00:01]} Qe7 {[%emt 0:00:02]} 29. Bf4 {[%emt 0:00:02]} Qc7 {[%emt 0:00:01]} 30. Re3 {[%emt 0:00:02]} Qc6 {[%emt 0:00:02]} 31. Bg3 {[%emt 0:00:02]} Rcd8 {[%emt 0:00:03]} 32. Kh2 {[%emt 0:00:01]} Qd5 {[%emt 0:00:00]} 33. Rf3 {[%emt 0:00:01]} Qxb3 {[%emt 0:00:01]} 34. axb3 {[%emt 0:00:01]} b4 {[%emt 0:00:01]} 35. c4 {[%emt 0:00:01]} Rxd4 {[%emt 0:00:01]} 36. e6 {[%emt 0:00:03]} fxe6 {[%emt 0:00:02]} 37. Rxf8+ {[%emt 0:00:01]} Kxf8 {[%emt 0:00:01]} 38. Bd6+ {[%emt 0:00:01]} Kf7 {[%emt 0:00:01]} 39. Bxb4 {[%emt 0:00:01]} Rd3 {[%emt 0:00:01]} 40. Bd6 {[%emt 0:00:03]} Rxb3 {[%emt 0:00:01]} 41. c5 {[%emt 0:00:01]} Rc3 {[%emt 0:00:01]} 42. Kg1 {[%emt 0:00:03]} e5 {[%emt 0:00:01]} 43. Kf2 {[%emt 0:00:01]} e4 {[%emt 0:00:01]} 44. Ke2 {[%emt 0:00:01]} Ke6 {[%emt 0:00:00]} 45. Kd2 {[%emt 0:00:01]} Rc4 {[%emt 0:00:01] Zeit (Lag: Av=0.46s, max=1.2s)} 0-1

[Event "Stay Safe Play From Home 343"]
[Site "Emanuel Lasker Arena"]
[Date "2020.07.30"]
[Round "8"]
[White "Klasman"]
[Black "Edmatuag"]
[Result "0-1"]
[WhiteElo "1293"]
[BlackElo "1712"]
[Annotator "NA RC"]
[PlyCount "54"]
[EventDate "2020.07.30"]
[EventType "swiss (blitz)"]

1. f4 {[%emt 0:00:01]} d6 {[%emt 0:00:00]} 2. d4 {[%emt 0:00:02]} c6 {[%emt 0:00:00]} 3. e4 {[%emt 0:00:01]} Nd7 {[%emt 0:00:00]} 4. c4 {[%emt 0:00:01]} Qc7 {[%emt 0:00:00]} 5. Nf3 {[%emt 0:00:01]} e5 {[%emt 0:00:00]} 6. d5 {[%emt 0:00:02]} g6 {[%emt 0:00:03]} 7. Nc3 {[%emt 0:00:02]} a6 {[%emt 0:00:02]} 8. Bd3 {[%emt 0:00:01]} c5 {[%emt 0:00:01]} 9. Be3 {[%emt 0:00:03]} Bg7 {[%emt 0:00:01]} 10. O-O {[%emt 0:00:01]} Rb8 {[%emt 0:00:01]} 11. f5 {[%emt 0:00:01]} Ndf6 {[%emt 0:00:04]} 12. Bg5 {[%emt 0:00:03]} Ne7 {[%emt 0:00:02]} 13. Bxf6 {[%emt 0:00:02]} Bxf6 {[%emt 0:00:02]} 14. fxg6 {[%emt 0:00:01]} fxg6 {[%emt 0:00:02]} 15. Ne1 {[%emt 0:00:06]} O-O {[%emt 0:00:01]} 16. Qd2 {[%emt 0:00:02]} Bg7 {[%emt 0:00:01]} 17. Qg5 {[%emt 0:00:02]} Rxf1+ {[%emt 0:00:01]} 18. Kxf1 {[%emt 0:00:01]} Kh8 {[%emt 0:00:07]} 19. Nf3 {[%emt 0:00:02]} Ng8 {[%emt 0:00:01]} 20. Ke2 {[%emt 0:00:02]} Qe7 {[%emt 0:00:05]} 21. Qg3 {[%emt 0:00:01]} Bd7 {[%emt 0:00:01]} 22. h4 {[%emt 0:00:01]} Nh6 {[%emt 0:00:08]} 23. Rh1 {[%emt 0:00:03]} Bg4 {[%emt 0:00:03]} 24. h5 {[%emt 0:00:04]} Bxh5 {[%emt 0:00:01]} 25. Rxh5 {[%emt 0:00:02]} gxh5 {[%emt 0:00:00]} 26. Ng5 {[%emt 0:00:05]} Ng4 {[%emt 0:00:04]} 27. Ne6 {[%emt 0:00:02]} Bh6 {[%emt 0:00:01] Time (Lag: Av=0.56s, max=1.3s)} 0-1

[Event "Stay Safe Play From Home 343"]
[Site "Emanuel Lasker Arena"]
[Date "2020.07.30"]
[Round "9"]
[White "Lamborghini"]
[Black "Little champs"]
[Result "1-0"]
[WhiteElo "2233"]
[BlackElo "2202"]
[Annotator "TA"]
[PlyCount "61"]
[EventDate "2020.07.30"]
[EventType "swiss (blitz)"]

{[%evp 10,60,57,64,90,77,153,97,214,148,235,156,242,250,245,242,256,252,251,229,226,139,134,79,81,0,68,70,53,54,44,0,55,-11,-29,-38,0,0,0,-14,0,0,0,10,207,206,196,149,617,564,29992,29993,29999]} 1. e4 e6 2. d4 d5 3. Nc3 dxe4 4. Nxe4 Nf6 5. Nxf6+ gxf6 6. Nf3 Be7 {6...Nc6 is setting a new trend. C10: French with 3 Nc3: Unusual Black 3rd moves and 3...dxe4.} 7. Be3 {[#]} O-O $146 (7... Qd6 $142) ({Predecessor:} 7... b6 8. g3 Ba6 9. Bg2 c6 10. Qd2 Nd7 11. b3 Rc8 12. c4 b5 13. c5 f5 {1-0 (30) Jancarik,J (2242)-Netusil,M (2323) Czechia 2013}) 8. Qd2 (8. Bh6 $142) 8... f5 (8... Nc6 $16) 9. O-O-O Nc6 (9... Kh8 $16 {might work better.} 10. d5 exd5) 10. Bf4 Nb4 (10... Kh8 $16 11. Bc4 Nb4) 11. c3 $18 Nd5 12. Bh6 Re8 13. Bd3 Kh8 14. Rhg1 Rg8 15. Ne5 {[%cal Re5f7] [#]} Qe8 16. a3 (16. h3 $142) 16... f6 $16 17. Nf3 ({White should try} 17. Nc4 $16) 17... Bd7 (17... b5 $1 $11) 18. c4 $14 Nb6 19. Bf4 Rc8 20. Rde1 Qf7 $1 21. h3 (21. Qa5 $14) 21... c5 $11 {Hoping for ...cxd4.} 22. d5 e5 23. Bxe5 fxe5 24. Nxe5 Qg7 25. f4 Bf6 {Strongly threatening ...Rce8.} 26. g4 fxg4 $2 (26... Rce8 $11 {and Black is okay.}) 27. hxg4 $18 {[#] Black must now prevent Rh1.} Bxe5 28. fxe5 {And now Rh1 would win.} Bxg4 $2 {[%mdl 8192]} (28... Qg5 $16) 29. Re4 h5 {intending ...Qg5.} 30. Rexg4 Qxe5 31. Qh6# {Accuracy: White = 67%, Black = 44%.} 1-0

[Event "Stay Safe Play From Home 343"]
[Site "Emanuel Lasker Arena"]
[Date "2020.07.30"]
[Round "9"]
[White "Stefanone"]
[Black "Brinki"]
[Result "0-1"]
[WhiteElo "2079"]
[BlackElo "2148"]
[Annotator "TA"]
[PlyCount "86"]
[EventDate "2020.07.30"]
[EventType "swiss (blitz)"]

{[%evp 9,86,7,6,-28,-12,-33,-27,-33,-43,-78,-6,-96,14,0,22,8,112,75,154,112,180,97,78,100,95,17,85,-38,6,-256,-258,-692,-680,-618,-426,-458,-438,-943,-679,-662,-402,-1540,-1531,-1506,-1516,-1395,-1488,-1403,-1232,-1774,-1525,-2226,-1682,-1646,-1628,-29982,-1523,-29988,-29977,-3952,-1664,-29993,-29978,-29987,-29987,-29990,-29991,-29991,-29978,-29987,-29988,-29991,-29992,-29992,-29993,-29993,-29994,-29994,-29993]} 1. d4 g6 2. e3 Nf6 3. f4 d6 4. Nf3 Bg7 5. Bd3 O-O 6. Qe2 {A45: Trompowsky Attack.} Nbd7 7. e4 {[#]} e5 $1 {[%mdl 512]} 8. fxe5 {Black has an edge.} (8. dxe5 dxe5) 8... dxe5 9. d5 {[#]} c6 $146 (9... Nxd5 $1 $17 {[%mdl 512] Strongly threatening ...Nf4.} 10. exd5 e4 11. Bxe4 Nc5) ({Predecessor:} 9... Nc5 10. O-O Nxd3 11. Qxd3 Ne8 12. Bg5 f6 13. Bh4 Qe7 14. Nbd2 Nd6 15. Nc4 Nxc4 16. Qxc4 {½-½ (54) Bull,P (1847)-O'Gorman,B (1661) West Bromwich 2017}) 10. c4 (10. dxc6 $1 $11 Nc5 11. Nbd2) 10... Qe7 (10... Nc5 $17) 11. Nc3 $11 h6 12. Be3 Nh7 (12... Nc5 $11 {remains equal.}) 13. O-O-O f5 (13... Nhf6 $142) 14. Bf2 a5 (14... Nc5 $16 {might work better.}) 15. Qc2 ({White should play} 15. d6 $18 Qxd6 16. exf5) 15... Nc5 $16 16. Bxc5 Qxc5 17. h4 ({White should try} 17. Na4 $16 Qe3+ 18. Kb1) 17... b5 (17... Nf6 $11 {keeps the balance.}) 18. b3 (18. cxb5 $16 cxb5 19. Nxb5 Qxc2+ 20. Bxc2) 18... b4 19. Ne2 $2 {[%mdl 8192] [#] White does not recover from this.} (19. Na4 $11 Qe3+ 20. Kb1) 19... a4 $1 {[%mdl 512]} 20. Qd2 $2 (20. bxa4 Nf6 21. Ng3) 20... axb3 $19 21. axb3 Bd7 22. Bb1 fxe4 23. Nfg1 (23. dxc6 $142 exf3 24. cxd7 fxe2 25. Qxe2) 23... Ra1 {White must now prevent ...e3.} 24. Ng3 Bf5 25. N1e2 {[#]} (25. Nxf5 $142 gxf5 26. Qb2) 25... Rxb1+ $1 {[%mdl 512]} 26. Kxb1 e3+ {[%mdl 64] Discovered Attack} 27. Qc2 Bxc2+ 28. Kxc2 Rf2 29. Rhe1 Nf6 30. Kd3 Ng4 31. Ne4 Qf8 32. Nxf2 Nxf2+ (32... exf2 $142 33. Rh1 cxd5 34. Rdf1 Qf5+ 35. Kd2 dxc4 36. Rh3 cxb3 37. Rxb3 e4 38. Rxf2 Qd5+ 39. Ke1 Qxb3 40. Rf3 exf3 41. gxf3 Qxf3 42. Kd1 b3 43. Ke1 b2 44. Kd2 b1=Q 45. Nc1 Bc3#) 33. Kc2 Nxd1 34. Kxd1 Qf2 35. d6 Kf7 {Black mates.} 36. c5 Qxg2 37. Rg1 {[#]} Qd5+ $1 {[%mdl 64] Double Attack} 38. Ke1 Qxc5 39. Kf1 Qxd6 40. Rg4 h5 41. Rc4 Qd1+ {[%mdl 64] Double Attack} 42. Kg2 Qxe2+ 43. Kg3 {[#]} Qxc4 $1 {[%mdl 64] Promotion. Accuracy: White = 19%, Black = 35%.} 0-1

[Event "Stay Safe Play From Home 343"]
[Site "Emanuel Lasker Arena"]
[Date "2020.07.30"]
[Round "9"]
[White "Buzaglo"]
[Black "Klasman"]
[Result "1-0"]
[WhiteElo "1861"]
[BlackElo "1290"]
[Annotator "NA RC"]
[PlyCount "59"]
[EventDate "2020.07.30"]
[EventType "swiss (blitz)"]

1. d4 {[%emt 0:00:00]} f5 {[%emt 0:00:01]} 2. Nf3 {[%emt 0:00:00]} Nf6 {[%emt 0:00:01]} 3. g3 {[%emt 0:00:00]} e6 {[%emt 0:00:01]} 4. Bg2 {[%emt 0:00:00]} d5 {[%emt 0:00:01]} 5. O-O {[%emt 0:00:01]} c5 {[%emt 0:00:01]} 6. c4 {[%emt 0:00:00]} cxd4 {[%emt 0:00:02]} 7. Nxd4 {[%emt 0:00:01]} Nc6 {[%emt 0:00:02]} 8. cxd5 {[%emt 0:00:02]} Nxd4 {[%emt 0:00:03]} 9. Qxd4 {[%emt 0:00:00]} Nxd5 {[%emt 0:00:02]} 10. Bxd5 {[%emt 0:00:02]} Qxd5 {[%emt 0:00:01]} 11. Qxd5 {[%emt 0:00:01]} exd5 {[%emt 0:00:02]} 12. Rd1 {[%emt 0:00:00]} Be6 {[%emt 0:00:02]} 13. Nc3 {[%emt 0:00:01]} O-O-O {[%emt 0:00:02]} 14. Nb5 {[%emt 0:00:02]} a6 {[%emt 0:00:03]} 15. Nd4 {[%emt 0:00:01]} Bf7 {[%emt 0:00:07]} 16. Nxf5 {[%emt 0:00:03]} g6 {[%emt 0:00:01]} 17. Ne3 {[%emt 0:00:02]} d4 {[%emt 0:00:02]} 18. Ng4 {[%emt 0:00:01]} Bg7 {[%emt 0:00:03]} 19. Bg5 {[%emt 0:00:03]} Rd7 {[%emt 0:00:03]} 20. Bf6 {[%emt 0:00:02]} Bxf6 {[%emt 0:00:03]} 21. Nxf6 {[%emt 0:00:00]} Rd6 {[%emt 0:00:01]} 22. Ne4 {[%emt 0:00:01]} Rd7 {[%emt 0:00:03]} 23. Rac1+ {[%emt 0:00:00]} Kb8 {[%emt 0:00:02]} 24. Nc5 {[%emt 0:00:00]} Rd5 {[%emt 0:00:02]} 25. Nd3 {[%emt 0:00:02]} Rhd8 {[%emt 0:00:01]} 26. Nb4 {[%emt 0:00:01]} Rb5 {[%emt 0:00:02]} 27. a3 {[%emt 0:00:01]} a5 {[%emt 0:00:01]} 28. Nd3 {[%emt 0:00:01]} Rb3 {[%emt 0:00:02]} 29. Kg2 {[%emt 0:00:02]} b5 {[%emt 0:00:01]} 30. Nc5 {[%emt 0:00:02] Time (Lag: Av=0.58s, max=1.2s)} 1-0

[Event "Stay Safe Play From Home 343"]
[Site "Emanuel Lasker Arena"]
[Date "2020.07.30"]
[Round "9"]
[White "Edmatuag"]
[Black "AChessPlayer"]
[Result "0-1"]
[WhiteElo "1715"]
[BlackElo "2427"]
[Annotator "TA"]
[PlyCount "88"]
[EventDate "2020.07.30"]
[EventType "swiss (blitz)"]

{[%evp 9,88,-15,-13,-19,-10,-27,-22,-47,-47,-54,0,0,2,-84,-43,-66,-60,-70,-50,-117,-87,-138,-83,-130,-65,-76,-76,-66,-47,-56,-40,-65,-39,-172,-11,-20,82,-6,-7,-99,-104,-110,-120,-102,-70,-94,-92,-62,-47,-48,-71,-54,5,2,16,14,31,-58,-37,-281,-285,-231,-154,-158,-159,-207,-199,-389,-376,-1358,-1477,-1394,-1337,-3662,-2310,-29987,-5185,-29982,-29981,-5223,-2005]} 1. d3 Nf6 2. c3 g6 3. Nd2 Bg7 {[#]} 4. Qc2 $146 ({Predecessor:} 4. h3 O-O 5. g4 h6 6. Bg2 d5 7. Ngf3 b6 8. g5 hxg5 9. Nxg5 Bb7 10. h4 {0-1 (25) Uvarov,A-Hulka,V (1892) chess.com INT 2020}) 4... O-O 5. g3 d5 6. Bg2 {A00: Irregular Openings.} c5 7. e4 Nc6 8. Ne2 {The position is equal.} d4 9. O-O dxc3 (9... Bg4 $15 10. f3 Be6) 10. bxc3 $11 b6 11. Kh1 (11. Nc4 $11 {keeps the balance.}) 11... Bb7 12. f4 Qd7 13. Nc4 Rad8 14. Ne5 (14. a4 $15) 14... Nxe5 $17 15. fxe5 Ne8 (15... Ng4 $142 16. d4 Ba6) 16. Rd1 Nc7 ({Black should play} 16... Bxe5 $17 17. d4 Bg7) 17. Bf4 Ne6 18. d4 cxd4 19. cxd4 Rc8 20. Qb2 Ba6 21. Rac1 (21. Be3 $15) 21... g5 $2 {[#]} (21... Rxc1 $19 22. Rxc1 Bxe2 23. Qxe2 Qxd4) 22. Be3 $11 h6 (22... Rxc1 $11 23. Nxc1 Bxe5) 23. d5 ({White should try} 23. Nc3 $16) 23... Nc5 {...Nd3 is the strong threat.} 24. Bxc5 (24. Nd4 $1 $11) 24... Rxc5 $17 25. Rxc5 bxc5 26. Ng1 Qc7 27. Nf3 g4 28. Nh4 Qxe5 29. Qxe5 Bxe5 30. Nf5 Kh7 (30... e6 $15 31. Ne7+ Kg7) 31. Nxe7 $11 c4 {[%cal Bc5c4,Bc4c3][%mdl 32]} 32. Nc6 Bb2 33. Nb4 (33. Bf1 $14) 33... Bb5 $15 34. Nc2 $2 {[#]} (34. Rb1 $1 $15 Bg7 35. Bf1) 34... Ba4 $19 35. Rd2 c3 36. Re2 f6 37. e5 fxe5 38. d6 $2 (38. Be4+ {is a better defense.} Kg7 39. Kg2) 38... Rd8 39. Rxe5 $2 (39. Be4+ Kh8 40. Bf5) 39... Bxc2 40. Re7+ Kh8 41. d7 Ba4 42. Bd5 Rxd7 (42... c2 $142 43. Re1 Rxd7 44. Re8+ Kg7 45. Rg8+ Kf6 46. Kg2 c1=Q 47. Rf8+ Ke5 48. Rf1 Qd2+ {[%mdl 64] Double Attack} 49. Kg1 Bd4+ 50. Kh1 Kxd5 51. Rb1 Ke5 52. Rf1 Bc6+ 53. Rf3 Bxf3#) 43. Re8+ Kg7 44. Rg8+ Kf6 {Accuracy: White = 30%, Black = 64%.} 0-1

[Event "Stay Safe Play From Home 343"]
[Site "Emanuel Lasker Arena"]
[Date "2020.07.30"]
[Round "9"]
[White "Psvidyarthi"]
[Black "Haris kollari 13"]
[Result "0-1"]
[WhiteElo "1556"]
[BlackElo "1694"]
[Annotator "NA"]
[PlyCount "38"]
[EventDate "2020.07.30"]
[EventType "swiss (blitz)"]

1. e4 {[%emt 0:00:04]} e6 {[%emt 0:00:00]} 2. d4 {[%emt 0:00:01]} d5 {[%emt 0:00:00]} 3. exd5 {[%emt 0:00:00]} exd5 {[%emt 0:00:02]} 4. c4 {[%emt 0:00:01]} c6 {[%emt 0:00:01]} 5. Nc3 {[%emt 0:00:02]} Bd6 {[%emt 0:00:01]} 6. Nf3 {[%emt 0:00:00]} Nf6 {[%emt 0:00:01]} 7. c5 {[%emt 0:00:00]} Bc7 {[%emt 0:00:01]} 8. Bd3 {[%emt 0:00:02]} Bg4 {[%emt 0:00:01]} 9. O-O {[%emt 0:00:00]} O-O {[%emt 0:00:01]} 10. h3 {[%emt 0:00:00]} Bh5 {[%emt 0:00:01]} 11. g4 {[%emt 0:00:01]} Bg6 {[%emt 0:00:01]} 12. Bxg6 {[%emt 0:00:01]} hxg6 {[%emt 0:00:01]} 13. Qd3 {[%emt 0:00:00]} Re8 {[%emt 0:00:01]} 14. Bg5 {[%emt 0:00:01]} Nbd7 {[%emt 0:00:01]} 15. Rfe1 {[%emt 0:00:00]} Rc8 {[%emt 0:00:05]} 16. b4 {[%emt 0:00:04]} Bb8 {[%emt 0:00:01]} 17. Ne5 {[%emt 0:00:02]} Qc7 {[%emt 0:00:02]} 18. Nxd7 {[%emt 0:00:04]} Qh2+ {[%emt 0:00:03]} 19. Kf1 {[%emt 0:00:01]} Qh1# {[%emt 0:00:01] Mate} 0-1

[Event "Stay Safe Play From Home 343"]
[Site "Emanuel Lasker Arena"]
[Date "2020.07.30"]
[Round "9"]
[White "Mamba2001de"]
[Black "SoulofWolf"]
[Result "0-1"]
[WhiteElo "1492"]
[BlackElo "2030"]
[Annotator "NA"]
[PlyCount "66"]
[EventDate "2020.07.30"]
[EventType "swiss (blitz)"]

1. e4 {[%emt 0:00:01]} Nc6 {[%emt 0:00:00]} 2. Nf3 {[%emt 0:00:01]} e6 {[%emt 0:00:00]} 3. d4 {[%emt 0:00:01]} Nge7 {[%emt 0:00:00]} 4. d5 {[%emt 0:00:02]} exd5 {[%emt 0:00:00]} 5. exd5 {[%emt 0:00:01]} Nb4 {[%emt 0:00:01]} 6. c4 {[%emt 0:00:01]} d6 {[%emt 0:00:01]} 7. a3 {[%emt 0:00:01]} Na6 {[%emt 0:00:00]} 8. Nc3 {[%emt 0:00:01]} Ng6 {[%emt 0:00:00]} 9. Be3 {[%emt 0:00:01]} Be7 {[%emt 0:00:00]} 10. Bd3 {[%emt 0:00:01]} O-O {[%emt 0:00:00]} 11. O-O {[%emt 0:00:01]} Bg4 {[%emt 0:00:01]} 12. Qc2 {[%emt 0:00:01]} Qd7 {[%emt 0:00:01]} 13. h3 {[%emt 0:00:02]} Bxh3 {[%emt 0:00:01]} 14. Ng5 {[%emt 0:00:03]} Bxg5 {[%emt 0:00:04]} 15. Bxg5 {[%emt 0:00:01]} Bg4 {[%emt 0:00:04]} 16. Bxg6 {[%emt 0:00:03]} hxg6 {[%emt 0:00:01]} 17. f3 {[%emt 0:00:02]} Bf5 {[%emt 0:00:01]} 18. Qf2 {[%emt 0:00:03]} Nc5 {[%emt 0:00:01]} 19. Be3 {[%emt 0:00:02]} Nd3 {[%emt 0:00:01]} 20. Qd2 {[%emt 0:00:02]} Qe7 {[%emt 0:00:05]} 21. Ne4 {[%emt 0:00:01]} Qh4 {[%emt 0:00:02]} 22. Qxd3 {[%emt 0:00:05]} Rae8 {[%emt 0:00:01]} 23. Rae1 {[%emt 0:00:03]} Re7 {[%emt 0:00:01]} 24. Bg5 {[%emt 0:00:03]} Qh5 {[%emt 0:00:02]} 25. Bf4 {[%emt 0:00:03]} Rfe8 {[%emt 0:00:01]} 26. Qd2 {[%emt 0:00:02]} f6 {[%emt 0:00:05]} 27. Ng3 {[%emt 0:00:03]} Qh4 {[%emt 0:00:04]} 28. Nxf5 {[%emt 0:00:02]} gxf5 {[%emt 0:00:06]} 29. Rxe7 {[%emt 0:00:01]} Rxe7 {[%emt 0:00:00]} 30. Bh2 {[%emt 0:00:03]} g5 {[%emt 0:00:01]} 31. Qf2 {[%emt 0:00:02]} Qh7 {[%emt 0:00:01]} 32. Bg3 {[%emt 0:00:01]} Qf7 {[%emt 0:00:01]} 33. Bh2 {[%emt 0:00:02]} Qe8 {[%emt 0:00:00] Zeit (Lag: Av=0.26s, max=0.7s) .} 0-1

[Event "Stay Safe Play From Home 343"]
[Site "Emanuel Lasker Arena"]
[Date "2020.07.30"]
[Round "9"]
[White "Trotsky"]
[Black "Oznog"]
[Result "1-0"]
[WhiteElo "1476"]
[BlackElo "1801"]
[Annotator "NA RC"]
[PlyCount "37"]
[EventDate "2020.07.30"]
[EventType "swiss (blitz)"]

1. d4 {[%emt 0:00:01]} Nf6 {[%emt 0:00:02]} 2. e3 {[%emt 0:00:00]} c5 {[%emt 0:00:01]} 3. c4 {[%emt 0:00:01]} cxd4 {[%emt 0:00:00]} 4. exd4 {[%emt 0:00:01]} e6 {[%emt 0:00:00]} 5. Be3 {[%emt 0:00:01]} d5 {[%emt 0:00:00]} 6. Nc3 {[%emt 0:00:01]} dxc4 {[%emt 0:00:01]} 7. Bxc4 {[%emt 0:00:01]} Be7 {[%emt 0:00:00]} 8. Nf3 {[%emt 0:00:01]} O-O {[%emt 0:00:00]} 9. Qc2 {[%emt 0:00:01]} Nbd7 {[%emt 0:00:01]} 10. Bd3 {[%emt 0:00:01]} a6 {[%emt 0:00:00]} 11. Ng5 {[%emt 0:00:01]} h6 {[%emt 0:00:01]} 12. h4 {[%emt 0:00:01]} b5 {[%emt 0:00:03]} 13. Nce4 {[%emt 0:00:02]} Nxe4 {[%emt 0:00:02]} 14. Bxe4 {[%emt 0:00:01]} Rb8 {[%emt 0:00:05]} 15. Bh7+ {[%emt 0:00:01]} Kh8 {[%emt 0:00:01]} 16. Bg8 {[%emt 0:00:01]} g6 {[%emt 0:00:02]} 17. Bxf7 {[%emt 0:00:01]} Kg7 {[%emt 0:00:02]} 18. Qxg6+ {[%emt 0:00:01]} Kh8 {[%emt 0:00:05]} 19. Qh7# {[%emt 0:00:01] (Lag: Av=0.59s, max=1.8s)} 1-0